| 000 | 00670nam a22002177a 4500 | ||
|---|---|---|---|
| 999 |
_c13564 _d13564 |
||
| 003 | AR-CdUCM | ||
| 008 | 190415b ||||| |||| 00| 0 spa d | ||
| 040 |
_aMUNICIPALIDAD PROVINCIAL DEL CUSCO _cBIBLIOTECA MUNICIPAL DEL CUSCO |
||
| 082 |
_a861 / _bB61 |
||
| 100 |
_aBlanco-Fombona, R. _932026 |
||
| 245 | _aPeuqeña ópera lírica, trovadores y trovas / | ||
| 260 |
_aMadrid : _bAmerica, _c1919. |
||
| 300 |
_a242 paginas ; _c16 cm. |
||
| 505 | _aContenido : Poesía lírica | ||
| 650 |
_aPoesía _9139 |
||
| 650 |
_aTrovadores _932027 |
||
| 650 |
_aPoesía lírica _911722 |
||
| 650 |
_aPoesía europea _912150 |
||
| 942 |
_2ddc _cLIBROS |
||
| 945 |
_awnts _d2019-04-15 |
||